| 000 | 00642nam a2200193 a 4500 | ||
|---|---|---|---|
| 005 | 20240416064223.0 | ||
| 008 | 991125 1989 mx 000 0 spa u | ||
| 020 | _a9686173803 | ||
| 035 | _aUPN01000059177 | ||
| 049 | _aCG | ||
| 050 | 4 |
_aF1376 _bB4.9 |
|
| 100 | 1 |
_aBetancourt Pérez, Antonio, _d1907-1997 _931052 |
|
| 245 | 1 | 0 |
_aYucatán : _buna historia compartida / _cAntonio Betancourt Pérez, José Luis Sierra Villarreal. |
| 260 |
_aMéxico : _bGobierno del Estado de Yucatán : _bInstituto Mora, _c1989. |
||
| 300 | _a327 p. | ||
| 651 | 4 |
_aYucatán _xHistoria _94508 |
|
| 700 | 1 |
_aSierra Villarreal, José Luis, _ecoaut. |
|
| 905 | _aLibro | ||
| 999 |
_c59177 _d59177 |
||